| 000 | 00000nam 2200000za 4500 |
| 001 | 9.608498 |
| 003 | CaOODSP |
| 005 | 20200330184911 |
| 007 | ta |
| 008 | 150406|1992||||xxc||||| f|0| 0 eng d |
| 020 | |a0-660-14249-X |
| 022 | |a0706-7313 |
| 040 | |aCaOODSP|beng |
| 043 | |an-cn--- |
| 086 | 1 |aA42-42/1992-20E |
| 110 | 1 |aCanada.|bAgriculture Canada.|bResearch Branch. |
| 245 | 14|aThe genera and subgenera of the sawflies of Canada and Alaska (Hymenoptera: Symphyta) / |cby Henri Goulet. |
| 260 | |aOttawa - Ontario : |bAgriculture Canada. |c1992. |
| 300 | |a235p. : |bfigs., references ; |c23 cm. |
| 490 | 1 |aThe insects and arachnids of Canada|x0706-7313|vPart 20 |
| 563 | |aSoftcover |
| 590 | |a92-23|b1992-06-05 |
| 690 | 07|aInsects|2gcpds |
| 720 | 1 |aGoulet, Henri |
| 776 | 0#|tThe genera and subgenera of the sawflies of Canada and Alaska |w(CaOODSP)9.811408 |
| 830 | #0|aThe insects and arachnids of Canada,|x0706-7313|vPart 20|w(CaOODSP)9.514402 |
| 986 | |aPublication 1876 |